Pays les plus proches du Canada - Mort subite - Statistiques

Statistiques générales
  • Ce quiz a été pris 158 fois
  • Le résultat moyen est 5 sur 15
Answers on the Grid
Answers color-coded by a green-red scale on the quiz's grid according to % correct below.
États-Unis
Russie
Islande
Bahamas
Mexique
Cuba
Norvège
Finlande
Suède
Haïti
Jamaïque
Belize
République dominicaine
Guatemala
Honduras
Dominique
Costa Rica
Venezuela
Chili
Antigua-et-Barbuda
Philippines
Corée du Nord
Laos
Kiribati
Japon
Chine
Nouvelle-Zélande
Pologne
Espagne
Maroc
 
Statistiques - réponses
Réponse % Correct
États-Unis
70%
Mexique
66%
Cuba
49%
Russie
47%
Bahamas
43%
Haïti
34%
Honduras
26%
Jamaïque
26%
République dominicaine
26%
Guatemala
23%
Belize
21%
Islande
21%
Norvège
19%
Suède
13%
Finlande
11%
Aucun quiz correspondant
Distribution des résultats
% des personnes avec chaque résultat
Percentile par nombre de réponses
Votre historique - résultats
Vous n’avez pas pris ce quiz